Animal Names - Statistics

General Stats
  • This quiz has been taken 7 times
  • The average score is 9 of 15
Answer Stats
Animal Name % Correct
Owl Hedwig
100%
Snake Basilisk
67%
Cat Crookshanks
67%
Owl Errol
67%
Dog Fang
67%
Phoenix Fawkes
67%
Dog Fluffy
67%
Cat Mrs Norris
67%
Snake Nagini
67%
Rat Scabbers
67%
Toad Trevor
67%
Pygmy Puff Arnold
33%
Owl Hermes
33%
Owl Pigwidgeon
33%
Dog Ripper
33%
No matching quizzes found
Score Distribution
Percent of People with Each Score
Percentile by Number Answered
Your Score History
You have not taken this quiz